000 00504cam a2200205 4500
001 D9902
008 090401t1975 xxu||||| |||| 00| 0 eng d
035 _a(Sirsi) u23217
041 _aeng
050 _a692.5
100 _aWillis, Arthur J
245 _aPractice and procedure for the quantity surveyor
250 _a7th
260 _aLondon
_bCrosby Lockwood Staples
_c1975
300 _axii. 260p. 22cm
350 _a6
700 _aWillis, Christopher J
942 _n0
948 _c04/03/1997
999 _c88353
_d88353